000 00826nam a2200229Ia 4500
005 20260430150803.0
008 008 250103s9999 xx 000 0 hin d
037 _aTheses
040 _aCRL
040 _bhin
040 _chin
041 _2hin
041 _ahin
084 _qCRL
100 _aसिंह, ललित कुमार, ले.
_9868817
245 0 _aबाल रंगमंच के संदर्भ में मुखौटों और कठपुतलियों के प्रयोगों का सास्ंकृतिक अध्ययन
260 _c2022
300 _a266पृ0
700 _aदिल्ली विश्वविद्यालय. कला संकाय. हिन्दी विभाग
942 _cTH
999 _c1850775
_d1850775